| 000 | 00343nam a22001457a 4500 | ||
|---|---|---|---|
| 020 | _qPB. | ||
| 040 | _cFIZZA ISHAQ | ||
| 082 |
_a690 _bMAL |
||
| 100 |
_aMILLAIS,MALCOLM. _990173 |
||
| 245 |
_aBUILDING STRUCTURES / _cMALCOLM MILLAIS. |
||
| 250 | _a3rd ED. | ||
| 260 |
_aLONDON ; _bROUTLEDGE, _c2017. |
||
| 300 | _a568 P. ; | ||
| 942 |
_2ddc _cBK |
||
| 999 |
_c588536 _d588536 |
||